00493 a2200133 4500020001600000040001300016082000800029100002300037245011500060260005200175300003700227500001900264650007600283 a 8178086514 aDLCbDLC a510 aGrimaldi, Ralph P. a Discrete and combinatorial mathematics: an applied introductioncan applied introductionh Ralph P, Grimaldi. aSingapore:bPearson Education Pte. Ltd.,c1999. a xix, 791 p. :b ill. ;c 25 cm. aIncludes Index a1.Mathematics.2.Computer science--Mathematics.3.Combinatorial analysis.